Loading...
| Auditory Arts | 2 | 15.00 | 100% | 50% | 0% |
| Beliefs | 8 | 22.50 | 100% | 75% | 50% |
| Current Events | 2 | 25.00 | 100% | 100% | 50% |
| Fine Arts - Other Arts | 2 | 15.00 | 100% | 0% | 50% |
| Geography | 2 | 10.00 | 100% | 0% | 0% |
| History - American | 4 | 17.50 | 100% | 50% | 25% |
| History - Ancient | 4 | 17.50 | 100% | 50% | 25% |
| History - European | 2 | 20.00 | 100% | 50% | 50% |
| History - Other | 2 | 5.00 | 50% | 0% | 0% |
| History - World | 4 | 17.50 | 100% | 75% | 0% |
| Literature - American | 3 | 10.00 | 67% | 33% | 0% |
| Literature - British | 7 | 14.29 | 100% | 43% | 0% |
| Literature - European | 4 | 15.00 | 75% | 50% | 25% |
| Literature - World | 4 | 12.50 | 100% | 25% | 0% |
| Philosophy | 3 | 10.00 | 100% | 0% | 0% |
| Science - Biology | 4 | 12.50 | 100% | 25% | 0% |
| Science - Chemistry | 5 | 4.00 | 40% | 0% | 0% |
| Science - Other | 6 | 6.67 | 50% | 17% | 0% |
| Science - Physics | 3 | 6.67 | 67% | 0% | 0% |
| Social Science | 7 | 14.29 | 100% | 43% | 0% |
| Visual Arts | 3 | 13.33 | 100% | 33% | 0% |